PRVNÍ VÝSLEDKY

Bibliographic Details
Main Author: Chaloupka, Zdeněk (Author)
Format: Article
Language:Czech

MARC

LEADER 00000nab a2200000uu 4500
001 vtls011441163
003 SK-MaSNL
005 20260303125856.0
008 230218|1967 xo |||||||||||||||||cze|
015 |a SNBRB 
035 |a (urnnbn)urn:nbn:sk:snk:ar-0030hu 
035 |a (uuid)f35e3e52-6f9f-4361-986b-d678cb512744 
035 |a urn:nbn:sk:snk-abcfgy 
040 |a SNKBUCL  |b slo  |c SNKBUCL  |e AACR2 
041 0 |a cze 
044 |a xo  |c SK 
100 1 |a Chaloupka, Zdeněk  |4 aut  |9 1144902 
245 1 0 |a PRVNÍ VÝSLEDKY  |c Zdeněk Chaloupka 
773 0 |t Čitateľ : mesačník pre prácu s čitateľmi  |g Roč. 16, č. 4 (1967), s. 143-146 
954 |a odborná, vedecká literatúra cudzojazyčná (svetová)  |2 lita 
958 |a OND 
958 |a EUIPO 
958 |a article16 
999 |c 1936844  |d 1938774